[Event "Stuttgart-chB int"]
[Site "Ditzingen"]
[Date "2014.05.29"]
[Round "1"]
[White "Hamm, Julian"]
[Black "Fuerderer, Carl"]
[Result "1-0"]
[WhiteElo "1743"]
[BlackElo "1547"]
[PlyCount "96"]
[EventDate "2014.05.29"]
[EventType "swiss"]
[EventRounds "7"]
[EventCountry "GER"]
[SourceTitle "EXT 2015"]
[Source "ChessBase"]
[SourceDate "2014.11.20"]
[SourceVersion "1"]
[SourceVersionDate "2014.11.20"]
[SourceQuality "1"]

1. c4 c5 2. Nc3 Nc6 3. g3 b6 4. Bg2 Bb7 5. Nf3 Nf6 6. 0-0 e6 7. d3 Be7 8. Bf4 d6 9. a3 Qd7 10. Rb1 h6 11. b4 g5 12. Be3 g4 13. Ne1 Nd4 14. Bxd4 cxd4 15. Nb5 Bxg2 16. Nxg2 e5 17. a4 a6 18. Na3 d5 19. Qb3 dxc4 20. Nxc4 Qc7 21. f4 gxf3 22. Rxf3 Nd5 23. Nce3 Nc3 24. Qxf7+ Kd8 25. Nd5 Qb7 26. Nxc3 dxc3 27. Qb3 Rc8 28. Rc1 Qc6 29. Rc2 Rf8 30. Rxf8+ Bxf8 31. e4 a5 32. b5 Qc5+ 33. Kf1 Qd4 34. Qd5+ Qxd5 35. exd5 Bb4 36. Ne3 Rc5 37. Kf2 Kd7 38. Kf3 Kd6 39. Ke4 Rc8 40. Nc4+ Rxc4+ 41. dxc4 Kc5 42. Kd3 e4+ 43. Kxe4 Kxc4 44. g4 Kb3 45. Kd3 Kxa4 46. Kc4 Bd6 47. Ra2+ Ba3 48. Rxa3+ Kxa3 1-0

[Event "Stuttgart-chB int"]
[Site "Ditzingen"]
[Date "2014.05.29"]
[Round "2"]
[White "Hamm, Julian"]
[Black "Issaad, Pascal"]
[Result "0-1"]
[WhiteElo "1743"]
[BlackElo "1864"]
[PlyCount "77"]
[EventDate "2014.05.29"]
[EventType "swiss"]
[EventRounds "7"]
[EventCountry "GER"]
[SourceTitle "EXT 2015"]
[Source "ChessBase"]
[SourceDate "2014.11.20"]
[SourceVersion "1"]
[SourceVersionDate "2014.11.20"]
[SourceQuality "1"]

1. c4 f5 2. Nc3 Nf6 3. g3 g6 4. Bg2 Bg7 5. d3 0-0 6. Nf3 d6 7. Bd2 e5 8. 0-0 Nc6 9. Rb1 h6 10. b4 g5 11. a4 g4 12. Nh4 Nh7 13. Bd5+ Rf7 14. Bxf7+ Kxf7 15. Qc1 Ng5 16. Bxg5 hxg5 17. Ng2 Be6 18. e3 Qf6 19. Nd5 Qh6 20. f3 Rh8 21. fxg4 Qxh2+ 22. Kf2 Rh3 23. Rh1 Qxg3+ 24. Kg1 Rxh1+ 25. Kxh1 f4 26. Qd2 Qh3+ 27. Kg1 Qxg4 28. Rf1 Ne7 29. Nxc7 Nf5 30. e4 Nd4 31. Rf2 Nf3+ 32. Rxf3 Qxf3 33. Nb5 Bf8 34. Nxa7 Qg3 35. Qf2 Qxd3 36. Ne1 Qxe4 37. Nf3 Be7 38. Nb5 Qb1+ 39. Kh2 0-1

[Event "Stuttgart-chB int"]
[Site "Ditzingen"]
[Date "2013.05.10"]
[Round "3"]
[White "Hamm, Julian"]
[Black "Gottwald, Helmut"]
[Result "1-0"]
[WhiteElo "1750"]
[BlackElo "1582"]
[PlyCount "53"]
[EventDate "2013.05.09"]
[EventType "swiss"]
[EventRounds "7"]
[EventCountry "GER"]
[SourceTitle "EXT 2014"]
[Source "ChessBase"]
[SourceDate "2013.11.20"]
[SourceVersion "1"]
[SourceVersionDate "2013.11.20"]
[SourceQuality "1"]

1. c4 Nf6 2. Nc3 e6 3. g3 d5 4. cxd5 exd5 5. Bg2 c6 6. d3 Be6 7. Nf3 h6 8. 0-0 Bd6 9. Bd2 Qd7 10. Qc1 Bh3 11. Re1 Bxg2 12. Kxg2 Qc7 13. e4 dxe4 14. dxe4 Nh7 15. e5 Be7 16. Ne4 0-0 17. Bxh6 gxh6 18. Qxh6 Qd8 19. Rad1 Nd7 20. e6 fxe6 21. Qxe6+ Rf7 22. Rxd7 Qf8 23. Ne5 Re8 24. Rxb7 Qg7 25. Nxf7 Qxf7 26. Qxf7+ Kxf7 27. Nd6+ 1-0

[Event "Stuttgart-chB int"]
[Site "Ditzingen"]
[Date "2013.05.10"]
[Round "4"]
[White "Hamm, Julian"]
[Black "Pocrnic, Josip"]
[Result "1-0"]
[WhiteElo "1750"]
[BlackElo "1865"]
[PlyCount "91"]
[EventDate "2013.05.09"]
[EventType "swiss"]
[EventRounds "7"]
[EventCountry "GER"]
[SourceTitle "EXT 2014"]
[Source "ChessBase"]
[SourceDate "2013.11.20"]
[SourceVersion "1"]
[SourceVersionDate "2013.11.20"]
[SourceQuality "1"]

1. c4 c5 2. Nc3 Nf6 3. g3 Nc6 4. Bg2 g6 5. Nf3 Bg7 6. 0-0 0-0 7. d3 d6 8. Bd2 Re8 9. Rb1 Bd7 10. a3 Rb8 11. b4 b6 12. b5 Nd4 13. Nxd4 cxd4 14. Na2 Qc8 15. Nb4 Bh3 16. Nc6 Bxg2 17. Kxg2 Qb7 18. Kg1 Ra8 19. Nxd4 Ne4 20. Nc6 Nxd2 21. Qxd2 a5 22. a4 Bf8 23. e4 Rec8 24. f4 Bg7 25. f5 Rxc6 26. bxc6 Qxc6 27. Rb5 Bd4+ 28. Kg2 Kg7 29. Qf4 f6 30. h4 Qd7 31. g4 Rf8 32. fxg6 hxg6 33. h5 Be5 34. Qf3 e6 35. hxg6 Rh8 36. Rh1 Rxh1 37. Kxh1 Kxg6 38. Qh3 Qc7 39. Qh5+ Kg7 40. g5 fxg5 41. Qxg5+ Kf8 42. Qg6 Qe7 43. Qh6+ Bg7 44. Qf4+ Bf6 45. Rxb6 e5 46. Qf5 1-0

[Event "Stuttgart-chB int"]
[Site "Ditzingen"]
[Date "2012.05.20"]
[Round "7"]
[White "Doelker, Kai"]
[Black "Hamm, Julian"]
[Result "1-0"]
[WhiteElo "1865"]
[BlackElo "1695"]
[PlyCount "81"]
[EventDate "2012.05.17"]
[EventType "swiss"]
[EventRounds "7"]
[EventCountry "GER"]
[SourceTitle "EXT 2018"]
[Source "ChessBase"]
[SourceDate "2017.10.13"]
[SourceVersion "1"]
[SourceVersionDate "2017.10.13"]
[SourceQuality "1"]

1. f4 d5 2. Nf3 c5 3. e3 Nf6 4. b3 Nc6 5. Bb5 Bd7 6. Bb2 e6 7. 0-0 g6 8. d3 Bg7 9. Nbd2 0-0 10. Bxc6 Bxc6 11. Ne5 Qc7 12. Rf3 Nd7 13. Nxd7 Qxd7 14. Bxg7 Kxg7 15. Qe2 f5 16. Rf2 Rae8 17. Nf3 d4 18. Ne5 Qd5 19. Nxc6 bxc6 20. e4 Qd7 21. Qd2 Qc7 22. Re1 fxe4 23. dxe4 Rf7 24. Ref1 Ref8 25. g4 h6 26. Kh1 e5 27. f5 g5 28. Kg2 Kf6 29. h4 Rh7 30. Rh1 Rg8 31. Kf3 h5 32. gxh5 g4+ 33. Kg3 Rxh5 34. Rfh2 Qg7 35. Qa5 Qh6 36. Qd2 Qg7 37. a3 Qf7 38. Qe2 Qe7 39. Qa6 Qc7 40. Qc4 Rg7 41. Qe6# 1-0

[Event "Stuttgart-chB int"]
[Site "Ditzingen"]
[Date "2012.05.19"]
[Round "6"]
[White "Hamm, Julian"]
[Black "Zacke, Tim"]
[Result "1/2-1/2"]
[WhiteElo "1695"]
[BlackElo "1830"]
[PlyCount "41"]
[EventDate "2012.05.17"]
[EventType "swiss"]
[EventRounds "7"]
[EventCountry "GER"]
[SourceTitle "EXT 2018"]
[Source "ChessBase"]
[SourceDate "2017.10.13"]
[SourceVersion "1"]
[SourceVersionDate "2017.10.13"]
[SourceQuality "1"]

1. c4 d6 2. Nc3 g6 3. g3 Bg7 4. Bg2 Nf6 5. Nf3 c6 6. 0-0 Be6 7. d3 Qc8 8. Bd2 Bh3 9. b4 Na6 10. Rb1 Nc7 11. a4 d5 12. b5 Bxg2 13. Kxg2 dxc4 14. dxc4 Qe6 15. Qb3 Ne4 16. Nxe4 Qxe4 17. Be3 cxb5 18. axb5 b6 19. Rbd1 Ne6 20. Qd3 Qxd3 21. exd3 1/2-1/2

[Event "Stuttgart-chB int"]
[Site "Ditzingen"]
[Date "2012.05.18"]
[Round "4"]
[White "Hartmann, Lorenz"]
[Black "Hamm, Julian"]
[Result "1/2-1/2"]
[WhiteElo "1887"]
[BlackElo "1695"]
[PlyCount "83"]
[EventDate "2012.05.17"]
[EventType "swiss"]
[EventRounds "7"]
[EventCountry "GER"]
[SourceTitle "EXT 2018"]
[Source "ChessBase"]
[SourceDate "2017.10.13"]
[SourceVersion "1"]
[SourceVersionDate "2017.10.13"]
[SourceQuality "1"]

1. g3 e5 2. Bg2 Nf6 3. d3 Nc6 4. Nf3 d6 5. 0-0 Be7 6. c4 0-0 7. Nc3 Bd7 8. Bg5 h6 9. Bxf6 Bxf6 10. Nd5 Be6 11. Nxf6+ Qxf6 12. Nd2 Qe7 13. b4 f5 14. b5 Nd8 15. a4 Rb8 16. Qc2 c6 17. e3 d5 18. bxc6 bxc6 19. cxd5 cxd5 20. Rfc1 Rc8 21. Qb2 Nf7 22. d4 e4 23. Bf1 g5 24. Nb3 f4 25. Nc5 Nd6 26. Rab1 fxe3 27. fxe3 Rf3 28. Qd2 Nf5 29. Re1 Nxg3 30. hxg3 Rxg3+ 31. Bg2 Bh3 32. Re2 Rf8 33. Qe1 Rg4 34. Rb7 Qf6 35. Rbb2 Qf3 36. Rf2 Qg3 37. Rxf8+ Kxf8 38. Qxg3 Rxg3 39. Kh2 Rxg2+ 40. Rxg2 Bxg2 41. Kxg2 Ke7 42. Kf2 1/2-1/2

[Event "Stuttgart-chB int"]
[Site "Ditzingen"]
[Date "2012.05.17"]
[Round "2"]
[White "Pudmensky, Stefan"]
[Black "Hamm, Julian"]
[Result "0-1"]
[WhiteElo "1853"]
[BlackElo "1695"]
[PlyCount "66"]
[EventDate "2012.05.17"]
[EventType "swiss"]
[EventRounds "7"]
[EventCountry "GER"]
[SourceTitle "EXT 2018"]
[Source "ChessBase"]
[SourceDate "2017.10.13"]
[SourceVersion "1"]
[SourceVersionDate "2017.10.13"]
[SourceQuality "1"]

1. d4 Nf6 2. Nf3 d5 3. c4 c6 4. Nc3 e6 5. e3 Bb4 6. Bd2 0-0 7. Bd3 h6 8. 0-0 Na6 9. cxd5 exd5 10. Bxa6 bxa6 11. Qa4 Qb6 12. Ne5 Bb7 13. Nd3 Bd6 14. b4 Qd8 15. Nc5 Bxh2+ 16. Kxh2 Ng4+ 17. Kg3 Qg5 18. f4 Qg6 19. Nxb7 Rfe8 20. Kf3 Nh2+ 21. Kf2 Ng4+ 22. Ke2 Nxe3 23. Bxe3 Qxg2+ 24. Rf2 Rxe3+ 25. Kxe3 Re8+ 26. Kd3 Qxf2 27. Nd1 Qf3+ 28. Kc2 Re2+ 29. Kc1 Qxf4+ 30. Kb1 Qe4+ 31. Kc1 Qxd4 32. Qb3 Qxa1+ 33. Qb1 Qd4 0-1

[Event "Stuttgart-chB int"]
[Site "Gerlingen"]
[Date "2011.06.03"]
[Round "4"]
[White "Hamm, Julian"]
[Black "Weigel, Curt"]
[Result "1/2-1/2"]
[WhiteElo "1684"]
[BlackElo "1810"]
[PlyCount "31"]
[EventDate "2011.06.02"]
[EventType "swiss"]
[EventRounds "7"]
[EventCountry "GER"]
[SourceTitle "EXT 2018"]
[Source "ChessBase"]
[SourceDate "2017.10.13"]
[SourceVersion "1"]
[SourceVersionDate "2017.10.13"]
[SourceQuality "1"]

1. c4 Nf6 2. Nc3 e6 3. g3 Nc6 4. Bg2 Bc5 5. Nf3 d5 6. cxd5 exd5 7. d3 h6 8. 0-0 a6 9. Bd2 Be6 10. a3 Qd7 11. b4 Bd6 12. d4 Bh3 13. Rc1 Bxg2 14. Kxg2 0-0 15. Qc2 Na7 16. Qb3 1/2-1/2

[Event "Stuttgart-chB int"]
[Site "Ditzingen"]
[Date "2010.05.15"]
[Round "5"]
[White "Ruehl, Volker"]
[Black "Hamm, Julian"]
[Result "1-0"]
[WhiteElo "1866"]
[BlackElo "1633"]
[PlyCount "65"]
[EventDate "2010.05.13"]
[EventType "swiss"]
[EventRounds "7"]
[EventCountry "GER"]
[SourceTitle "EXT 2018"]
[Source "ChessBase"]
[SourceDate "2017.10.13"]
[SourceVersion "1"]
[SourceVersionDate "2017.10.13"]
[SourceQuality "1"]

1. e4 e5 2. Nc3 Nf6 3. Bc4 Bc5 4. d3 h6 5. f4 d6 6. Na4 Bxg1 7. Rxg1 Ng4 8. g3 exf4 9. Bxf4 Nxh2 10. Qh5 Qd7 11. Qxh2 Qxa4 12. Qh5 Qd7 13. g4 Nc6 14. c3 b6 15. 0-0-0 Bb7 16. d4 0-0-0 17. Qxf7 Rhf8 18. Qxd7+ Kxd7 19. Rgf1 Ne7 20. Bd3 g5 21. Bg3 Ng6 22. Rf5 Rxf5 23. gxf5 Ne7 24. d5 Rf8 25. Rh1 Ng8 26. Bf2 c5 27. dxc6+ Bxc6 28. Re1 Re8 29. Bd4 Ke7 30. e5 d5 31. Rf1 Rf8 32. f6+ Kf7 33. Bf5 1-0

[Event "Stuttgart-chB int"]
[Site "Ditzingen"]
[Date "2006.05.28"]
[Round "7"]
[White "Hamm, Julian"]
[Black "Kunert, Ernst"]
[Result "1-0"]
[WhiteElo "1277"]
[BlackElo "1057"]
[PlyCount "95"]
[EventDate "2006.05.25"]
[EventType "swiss"]
[EventRounds "7"]
[EventCountry "GER"]
[SourceTitle "EXT 2018"]
[Source "ChessBase"]
[SourceDate "2017.10.13"]
[SourceVersion "1"]
[SourceVersionDate "2017.10.13"]
[SourceQuality "1"]

1. e4 c6 2. Nc3 d5 3. exd5 cxd5 4. d4 Nf6 5. Nf3 e6 6. Bd2 Qb6 7. Rb1 Nc6 8. Bb5 a6 9. Bxc6+ Qxc6 10. 0-0 Bb4 11. a3 Bxc3 12. Bxc3 0-0 13. Ne5 Qc7 14. h3 Ne4 15. Bd2 Nxd2 16. Qxd2 f6 17. Nd3 Bd7 18. Rfe1 Rfc8 19. c3 Kf7 20. Nc5 Qc6 21. Qe2 b6 22. Qh5+ Kg8 23. Nxd7 Qxd7 24. Qg4 f5 25. Qe2 Re8 26. c4 dxc4 27. Qxc4 b5 28. Qd3 Rad8 29. Rbd1 g6 30. b4 Qd5 31. f3 Qc4 32. Qxc4 bxc4 33. d5 e5 34. d6 c3 35. Re2 Re6 36. Rc2 Rexd6 37. Rxd6 Rxd6 38. Rxc3 Rd1+ 39. Kh2 Ra1 40. Kg3 Kg7 41. h4 Kh6 42. f4 exf4+ 43. Kxf4 Rf1+ 44. Rf3 Rxf3+ 45. Kxf3 g5 46. hxg5+ Kxg5 47. a4 h5 48. b5 1-0

[Event "Stuttgart-chB int"]
[Site "Ditzingen"]
[Date "2006.05.25"]
[Round "1"]
[White "Hamm, Julian"]
[Black "Schembera, Joerg"]
[Result "0-1"]
[WhiteElo "1277"]
[BlackElo "1688"]
[PlyCount "38"]
[EventDate "2006.05.25"]
[EventType "swiss"]
[EventRounds "7"]
[EventCountry "GER"]
[SourceTitle "EXT 2018"]
[Source "ChessBase"]
[SourceDate "2017.10.13"]
[SourceVersion "1"]
[SourceVersionDate "2017.10.13"]
[SourceQuality "1"]

1. e4 c5 2. Nc3 Nc6 3. Nf3 d6 4. Bc4 Nf6 5. d3 g6 6. Be3 Bg7 7. 0-0 Bg4 8. h3 Bh5 9. Qe2 a6 10. Bg5 Ne5 11. Bxf6 Bxf3 12. gxf3 Bxf6 13. Bd5 Qd7 14. Kg2 g5 15. Bb3 Ng6 16. Nd5 Be5 17. Qd2 Nh4+ 18. Kg1 Qxh3 19. Ba4+ Kf8 0-1